Jean Mottet, Pour l’arbre et pour l’oiseau, Vitrac, Les éditions du Ruisseau, “Argile”, 2021. (notice n° 1576112)
[ vue normale ]
| 000 -LEADER | |
|---|---|
| fixed length control field | 01289cam a2200157 4500500 |
| 005 - DATE AND TIME OF LATEST TRANSACTION | |
| control field | 20251214034404.0 |
| 041 ## - LANGUAGE CODE | |
| Language code of text/sound track or separate title | fre |
| 042 ## - AUTHENTICATION CODE | |
| Authentication code | dc |
| 100 10 - MAIN ENTRY--PERSONAL NAME | |
| Personal name | Amy de la Bretèque, François |
| Relator term | author |
| 245 00 - TITLE STATEMENT | |
| Title | Jean Mottet, Pour l’arbre et pour l’oiseau, Vitrac, Les éditions du Ruisseau, “Argile”, 2021. |
| 260 ## - PUBLICATION, DISTRIBUTION, ETC. | |
| Date of publication, distribution, etc. | 2025.<br/> |
| 500 ## - GENERAL NOTE | |
| General note | 37 |
| 520 ## - SUMMARY, ETC. | |
| Summary, etc. | Claude Lévi-Strauss advocated a restricted understanding of the concept of landscape. In Tristes Tropiques, the reading of the landscape is that proposed by the ethnologist, not by the peoples under study, insofar as the ethnologist’s gaze alone is informed by a tradition of landscape formation and figuration. Yet La Pensée sauvage offers detailed analyses of Aranda interpretations of Central Australian landscapes. We explain this discrepancy by showing that this Aranda reading is, on the one hand, substantiated by the existence of Aranda depictions of the landscape, and, on the other, that it seems to be based on the same principles that Lévi-Strauss applies in his own reading of the landscape. |
| 786 0# - DATA SOURCE ENTRY | |
| Note | Nouvelle revue d’esthétique | 35 | 2 | 2025-09-08 | p. 175-178 | 2264-2595 |
| 856 41 - ELECTRONIC LOCATION AND ACCESS | |
| Uniform Resource Identifier | <a href="https://shs.cairn.info/journal-nouvelle-revue-desthetique-2025-2-page-175?lang=en&redirect-ssocas=7080">https://shs.cairn.info/journal-nouvelle-revue-desthetique-2025-2-page-175?lang=en&redirect-ssocas=7080</a> |
Pas d'exemplaire disponible.




Réseaux sociaux